Statistics for US States with the Lowest Internet Usage

Click here to take the quiz!

General Stats

  • This quiz has been taken 234 times
  • The average score is 7 of 10

Answer Stats

%State% Correct
64.8Mississippi
87%
72.0Alabama
84%
70.6West Virginia
73%
74.4Kentucky
72%
67.7Louisiana
71%
74.3Tennessee
69%
73.9New Mexico
68%
73.7South Carolina
66%
72.6Texas
60%
73.7Arizona
53%

Score Distribution

Percentile by Number Answered

Percent of People with Each Score

Your Score History

You have not taken this quiz